000 00345nam a22001337a 4500
005 20250901165812.0
008 250324b |||||||| |||| 00| 0 eng d
020 _a9781926906447
050 _aPR 8379.9 .A23 2015
245 _aHAUGHTY BOYS OF NGOROKE
_cABALA J IMALI
260 _aCANADA
_bNSEMIA PUBLISHERS
_c2015
300 _a168
942 _2lcc
999 _c9416
_d9416